| 000 | 01117nam a2200325 i 4500 | ||
|---|---|---|---|
| 001 | 53406 | ||
| 003 | ES-MaACL | ||
| 005 | 20250830233908.0 | ||
| 007 | t| | ||
| 008 | 031023s2002 sp ||||0| spa j | ||
| 020 | _a84-323-1092-1 | ||
| 040 |
_aM-BN _bspa _cM-BN |
||
| 080 | _a94(=411.16:430)"1933/45":316.654(73) | ||
| 080 | _a32(=411.16:73) | ||
| 080 | _a327(73:569.4) | ||
| 100 | 1 |
_aFinkelstein, Norman G. _950908 |
|
| 245 | 1 | 3 |
_aLa industria del holocausto _b: reflexiones sobre la explotación del sufrimiento judío / _cpor Norman G. Finkelstein ; [traducción de María Corniero]. |
| 260 |
_aMadrid : _bSiglo XXI de España, _c[2002] |
||
| 300 |
_a201 p ; _c21 cm. |
||
| 490 | 1 | _aSociología y política | |
| 500 | _aIndice. | ||
| 650 | 0 | 0 |
_aJudíos- _zAlemania- _y1933-1945. _913974 |
| 650 | 1 | 4 |
_aJudíos- _zEstados Unidos- _xActividad política. _913987 |
| 651 | 4 |
_aEstados Unidos- _xRelaciones- _zIsrael _98564 |
|
| 700 | 1 |
_aCorniero, María. _940633 |
|
| 830 | 0 |
_aSociología y política _9178818 |
|
| 852 |
_aES-MaACL _jL-26564 _bR.132043 |
||
| 999 |
_c53406 _d53406 |
||